00732nam a22002055i 450000100060000000300090000600500170001500700030003200800390003502000180007408000210009210000290011324502030014226000420034530000290038750400270041665000290044370000320047285200220050413048ES-MaACL20230906150459.0t|911211s1989 sp ||||0| spa a84-85686-07-1 a929.6(462.21 C.)1 aCordero Alvarado, Pedro.10aGuía heráldica de Cáceres b: (separata de mi obra inédita "Blasones y piedras nobles de la ciudad de Cáceres" / cautor, Pedro Cordero Alvarado ; fotografías, Félix Martín García. a[Madrid] : bGarcía-Plata, c[1989] a67 p. : bil. ; c21 cm. aBibliografía: p. 65.14aHeráldica-zCáceres.1 aMartín García, Félix. aES-MaACLjL-20395